Entrega integrada de proyectos / (Registro nro. 5094)
[ vista simple ]
| 000 -LEADER | |
|---|---|
| fixed length control field | 01880nam a22003137a 4500 |
| 003 - CONTROL NUMBER IDENTIFIER | |
| control field | PE SENCICO BE |
| 005 - DATE AND TIME OF LATEST TRANSACTION | |
| control field | 20251020182711.0 |
| 008 - FIXED-LENGTH DATA ELEMENTS--GENERAL INFORMATION | |
| fixed length control field | 250211b |||||||| |||| 00| 0 eng d |
| 020 ## - INTERNATIONAL STANDARD BOOK NUMBER | |
| International Standard Book Number | 978-9972-45-630-5 |
| 040 ## - CATALOGING SOURCE | |
| Original cataloging agency | PE SENCICO BE |
| Transcribing agency | PE SENCICO BE |
| 041 ## - LANGUAGE CODE | |
| Language code of text/sound track or separate title | spa |
| 082 ## - DEWEY DECIMAL CLASSIFICATION NUMBER | |
| Classification number | 658.404 |
| Item number | F57 |
| 100 1# - MAIN ENTRY--PERSONAL NAME | |
| 9 (RLIN) | 2921 |
| Personal name | Fischer, Martin |
| Relator term | autor |
| 245 1# - TITLE STATEMENT | |
| Title | Entrega integrada de proyectos / |
| Statement of responsibility, etc. | Martin Fischer, Howard Ashcraft, Dean Reed, Atul Khanzode |
| 250 ## - EDITION STATEMENT | |
| Edition statement | 1a ed. |
| 260 ## - PUBLICATION, DISTRIBUTION, ETC. | |
| Place of publication, distribution, etc. | Lima : |
| Name of publisher, distributor, etc. | Universidad de Lima : |
| Date of publication, distribution, etc. | 2023 |
| 300 ## - PHYSICAL DESCRIPTION | |
| Extent | 565 páginas : |
| Other physical details | ilustraciones ; |
| Dimensions | 28 cm. |
| 505 0# - FORMATTED CONTENTS NOTE | |
| Formatted contents note | ¿Qué nos enorgullecería? -- Transición a la entrega integrada de proyectos: la experiencia del propietario -- Un marco simple -- Definición de un edificio de alto rendimiento -- Construcción de edificios de alto valor -- Integración de los sistemas del edificio -- Integración de los conocimientos de los proyectos -- Integración de la organización del proyecto -- Liderazgo de equipos de proyectos integrados -- Integración de la información del proyecto -- Gestión con métricas -- Visualización y simulación del rendimiento de un edificio -- La colaboración en un proyecto integrado -- La coubicación para mejorar el rendimiento -- Gestionar la producción como un equipo integrado -- Evita los inconvenientes de los contratos tradicionales -- Contratos para la integración del proyecto -- Entrega del edificio de alto rendimiento como producto |
| 650 10 - SUBJECT ADDED ENTRY--TOPICAL TERM | |
| 9 (RLIN) | 149 |
| Topical term or geographic name entry element | Administración de proyectos |
| 650 20 - SUBJECT ADDED ENTRY--TOPICAL TERM | |
| 9 (RLIN) | 417 |
| Topical term or geographic name entry element | Industria de la construcción |
| 650 20 - SUBJECT ADDED ENTRY--TOPICAL TERM | |
| 9 (RLIN) | 940 |
| Topical term or geographic name entry element | Proyectos de edificaciones |
| 650 20 - SUBJECT ADDED ENTRY--TOPICAL TERM | |
| 9 (RLIN) | 492 |
| Topical term or geographic name entry element | Proceso constructivo |
| 650 20 - SUBJECT ADDED ENTRY--TOPICAL TERM | |
| 9 (RLIN) | 942 |
| Topical term or geographic name entry element | Sistemas constructivos |
| 700 1# - ADDED ENTRY--PERSONAL NAME | |
| 9 (RLIN) | 2922 |
| Personal name | Ashcraft, Howard |
| Relator term | autor |
| 700 1# - ADDED ENTRY--PERSONAL NAME | |
| 9 (RLIN) | 2923 |
| Personal name | Reed, Dean |
| Relator term | autor |
| 700 1# - ADDED ENTRY--PERSONAL NAME | |
| 9 (RLIN) | 2924 |
| Personal name | Khanzode, Atul |
| Relator term | autor |
| 910 ## - USER-OPTION DATA (OCLC) | |
| User-option data | hfp |
| -- | hfp |
| -- | hfp |
| 942 ## - ADDED ENTRY ELEMENTS (KOHA) | |
| Source of classification or shelving scheme | Dewey Decimal Classification |
| Koha item type | Libros |
| Fecha de la última vez que lo usaron | Pago total | Signatura topográfica completa | Código de barras | Precio efectivo desde | Tipo de documento | Estado perdido | Sistema de clasificación | Estado dañado | No es para préstamo | Retirado | Ubicación permanente | Ubicación actual | Fecha de adquisición | Fuente de adquisición |
|---|---|---|---|---|---|---|---|---|---|---|---|---|---|---|
| 11/02/2025 | 658.404/F57 | BibLima25020008 | 11/02/2025 | Libros | Dewey Decimal Classification | Biblioteca Central Lima | Biblioteca Central Lima | 05/12/2024 | Comprado de la librería San Cristóbal |